[Event "ICC tourney 1897 (3 2)"]
[Site "Internet Chess Club"]
[Date "2020.07.03"]
[Round "1"]
[White "penguingm1"]
[Black "Xuanli28"]
[Result "0-1"]
[WhiteElo "2818"]
[BlackElo "1674"]
[PlyCount "80"]
[EventDate "2020.??.??"]

1. d4 Nf6 2. c4 g6 3. f3 Bg7 4. e4 d6 5. Nc3 O-O 6. Nge2 b6 7. Bg5 c5 8. d5 e6
9. Ng3 exd5 10. cxd5 Nbd7 11. Qd2 a6 12. a4 Qc7 13. h4 Ne5 14. h5 Bd7 15. Bh6
Rab8 16. Be2 b5 17. Bxg7 Kxg7 18. hxg6 fxg6 19. Qh6+ Kg8 20. f4 Neg4 21. Qh4
bxa4 22. f5 Ne5 23. fxg6 Nxg6 24. Qh6 Rxb2 25. e5 dxe5 26. d6 Qxd6 27. Nge4 Qe7
28. Bc4+ Be6 29. Bxe6+ Qxe6 30. Nxf6+ Rxf6 31. Qxh7+ Kf8 32. O-O-O Rb8 33. Ne4
Rf7 34. Qh6+ Ke7 35. Qg5+ Kf8 36. Rd6 Qc4+ 37. Kd1 Rb1+ 38. Kd2 Rb2+ 39. Kd1
Qc2+ 40. Ke1 Qe2# 0-1

[Event "ICC tourney 1897 (3 2)"]
[Site "Internet Chess Club"]
[Date "2020.07.03"]
[Round "15"]
[White "MrNormalName"]
[Black "pyaru536"]
[Result "1-0"]
[WhiteElo "1781"]
[BlackElo "1338"]
[PlyCount "79"]
[EventDate "2020.??.??"]

1. d4 d5 2. c4 e6 3. Nc3 Nf6 4. cxd5 exd5 5. Bg5 c6 6. e3 Be7 7. Bd3 Nbd7 8.
Nge2 Nf8 9. O-O Ne6 10. Bh4 O-O 11. Qc2 g6 12. Rad1 b6 13. f3 Bb7 14. Bf2 Nh5
15. e4 Nhf4 16. e5 Nxd3 17. Qxd3 Rc8 18. f4 f5 19. exf6 Bxf6 20. f5 gxf5 21.
Qxf5 Ng7 22. Qg4 Rc7 23. Nf4 Bc8 24. Qg3 Kh8 25. Rde1 Nf5 26. Qd3 Rg8 27. Ne6
Bxe6 28. Rxe6 Nh4 29. Bg3 Rf7 30. Rfxf6 Rxf6 31. Rxf6 Ng6 32. Be5 Nxe5 33. dxe5
Qd7 34. Qf5 Qg7 35. g3 d4 36. Ne4 c5 37. Rf7 Qh6 38. Qf6+ Qxf6 39. Nxf6 Rc8 40.
Rxh7# 1-0

[Event "ICC tourney 1897 (3 2)"]
[Site "Internet Chess Club"]
[Date "2020.07.03"]
[Round "14"]
[White "pyaru536"]
[Black "Venom2020"]
[Result "0-1"]
[WhiteElo "1340"]
[BlackElo "1807"]
[PlyCount "72"]
[EventDate "2020.??.??"]

1. d4 f5 2. c4 Nf6 3. Nf3 g6 4. g3 Bg7 5. Bg2 O-O 6. O-O d6 7. Nc3 c6 8. Re1
Na6 9. e4 fxe4 10. Nxe4 Nxe4 11. Rxe4 Bf5 12. Re1 Qc7 13. Ng5 e5 14. dxe5 dxe5
15. Ne4 Rad8 16. Qe2 Nb4 17. Bg5 Rd4 18. a3 Nd3 19. Red1 Bxe4 20. Be3 Bxg2 21.
Bxd4 exd4 22. Kxg2 Rxf2+ 23. Qxf2 Nxf2 24. Kxf2 Qf7+ 25. Kg2 Qxc4 26. Rd2 c5
27. Re1 Qd5+ 28. Kg1 Bh6 29. Rde2 Be3+ 30. Rxe3 dxe3 31. Rxe3 Qd4 32. Kf2 Qxb2+
33. Kf3 Qxh2 34. Re8+ Kf7 35. Rb8 Kf6 36. Rxb7 Qh1+ 0-1

[Event "ICC tourney 1897 (3 2)"]
[Site "Internet Chess Club"]
[Date "2020.07.03"]
[Round "12"]
[White "pyaru536"]
[Black "Xuanli28"]
[Result "1-0"]
[WhiteElo "1323"]
[BlackElo "1619"]
[PlyCount "55"]
[EventDate "2020.??.??"]

1. d4 Nf6 2. c4 g6 3. g3 Bg7 4. Bg2 d6 5. Nf3 O-O 6. O-O Nc6 7. Nc3 e5 8. dxe5
dxe5 9. Bg5 Be6 10. Qc1 Bxc4 11. Rd1 Qe7 12. Ne4 Bxe2 13. Bxf6 Bxf6 14. Rd7 Qe6
15. Bh3 Qxh3 16. Nxf6+ Kg7 17. Ng5 Nd4 18. Nxh3 Kxf6 19. Qg5+ Kg7 20. Qxe5+ Kg8
21. Qxd4 Bb5 22. Rxc7 Rad8 23. Qc3 Rd6 24. Re1 Rfd8 25. Ng5 Be8 26. Rc8 h6 27.
Rxd8 Rxd8 28. Qf6 1-0

[Event "ICC tourney 1897 (3 2)"]
[Site "Internet Chess Club"]
[Date "2020.07.03"]
[Round "10"]
[White "pyaru536"]
[Black "destroyingeagle"]
[Result "1/2-1/2"]
[WhiteElo "1269"]
[BlackElo "1394"]
[PlyCount "230"]
[EventDate "2020.??.??"]

1. d4 d6 2. Nf3 g6 3. g3 Bg7 4. c4 Nc6 5. Bg2 e5 6. dxe5 Nxe5 7. Nxe5 dxe5 8.
Qxd8+ Kxd8 9. Nc3 c6 10. Ne4 Kc7 11. O-O f6 12. Be3 Be6 13. Rac1 b6 14. c5 b5
15. Nd6 Nh6 16. Bxh6 Bxh6 17. e3 Rhd8 18. a4 a6 19. Ra1 b4 20. Rfd1 Bf8 21.
Rac1 Bb3 22. Rd3 Bxa4 23. Ra1 Bb5 24. Nxb5+ axb5 25. Rdd1 Rxa1 26. Rxa1 Bxc5
27. h4 f5 28. Rc1 Kb6 29. h5 e4 30. hxg6 hxg6 31. g4 Rf8 32. gxf5 gxf5 33. Rd1
Kc7 34. Bh3 Bd6 35. Ra1 Kb7 36. Rd1 Kc7 37. Ra1 Rg8+ 38. Kf1 f4 39. exf4 Bxf4
40. Bg2 Re8 41. Re1 e3 42. fxe3 Rxe3 43. Rxe3 Bxe3 44. b3 Kb6 45. Ke2 Bc5 46.
Kd3 Bf2 47. Bh3 c5 48. Be6 Bh4 49. Bd5 Bf6 50. Be6 Ka5 51. Bd5 Kb6 52. Be6 Kc7
53. Bf7 Kd7 54. Bd5 Kd6 55. Bf7 Kd7 56. Bd5 Kc7 57. Be6 Bg7 58. Bf7 Kb7 59. Be6
Ka6 60. Bd5 Ka5 61. Be6 c4+ 62. Kc2 c3 63. Bf7 Kb6 64. Bg8 Kc5 65. Bh7 Bh6 66.
Bg6 Kd4 67. Bh7 Bg7 68. Bg8 Ke3 69. Bh7 Bd4 70. Bg8 Bc5 71. Bd5 Kd4 72. Bc6 Bb6
73. Bxb5 Kc5 74. Bc4 Ba5 75. Bg8 Bb6 76. Bh7 Bc7 77. Bg6 Be5 78. Bf7 Bf6 79.
Bg8 Be7 80. Bf7 Bd6 81. Bg8 Bf4 82. Bf7 Bd2 83. Bg8 Bc1 84. Bf7 Ba3 85. Bg8 Kd4
86. Bf7 Ke3 87. Bg8 Ke2 88. Bf7 Ke1 89. Bg8 Kf1 90. Bf7 Kf2 91. Bg8 Ke2 92. Bf7
Ke1 93. Bg8 Ke2 94. Bf7 Ke3 95. Bg8 Bb2 96. Bf7 Ba3 97. Bg8 Kf4 98. Bf7 Ke5 99.
Bg8 Kf6 100. Bh7 Kg7 101. Bd3 Kf7 102. Bc4+ Ke7 103. Bd3 Kd6 104. Bc4 Ke5 105.
Bd3 Kd4 106. Bc4 Kc5 107. Ba6 Kb6 108. Bc8 Kc5 109. Bg4 Kd6 110. Be2 Ke5 111.
Bd3 Kf4 112. Bc4 Ke5 113. Bb5 Kd6 114. Ba6 Kc5 115. Bc4 Kb6 1/2-1/2

[Event "ICC tourney 1897 (3 2)"]
[Site "Internet Chess Club"]
[Date "2020.07.03"]
[Round "9"]
[White "Pschaak"]
[Black "pyaru536"]
[Result "1-0"]
[WhiteElo "2035"]
[BlackElo "1263"]
[PlyCount "166"]
[EventDate "2020.??.??"]

1. d4 d5 2. Bf4 c5 3. e3 Nc6 4. c3 Nf6 5. Nf3 Qb6 6. Qb3 c4 7. Qc2 Bf5 8. Qc1
e6 9. Nbd2 h6 10. h3 Be7 11. Be2 O-O 12. O-O Rfc8 13. b3 cxb3 14. axb3 Nb4 15.
c4 dxc4 16. bxc4 Bd3 17. Qd1 Bc2 18. Qc1 Bd3 19. c5 Qd8 20. Qd1 Nfd5 21. Bxd3
Nxd3 22. Bh2 N3b4 23. Qb3 a5 24. Nc4 b6 25. e4 bxc5 26. dxc5 Nf6 27. Nb6 Nxe4
28. Nxa8 Nxc5 29. Qd1 Qxd1 30. Rfxd1 Rxa8 31. Ne5 Bf6 32. Rac1 Nb3 33. Rb1 a4
34. Nc4 Nc2 35. Nb6 Ra6 36. Nxa4 Ncd4 37. Nc3 Rc6 38. Ne4 e5 39. Nxf6+ gxf6 40.
f3 Kg7 41. Kh1 Kg6 42. Bg1 Rc2 43. Be3 Re2 44. Rd3 f5 45. Rbxb3 Nxb3 46. Rxb3
f4 47. Bg1 Re1 48. Kh2 f6 49. Bf2 Re2 50. Bh4 e4 51. fxe4 f5 52. exf5+ Kxf5 53.
Rf3 Ke4 54. Bd8 Re3 55. Rxe3+ fxe3 56. Bh4 Kd3 57. Kg3 e2 58. Kg4 Kd2 59. Kh5
e1=Q 60. Bxe1+ Kxe1 61. Kxh6 Kf2 62. g4 Kg3 63. g5 Kxh3 64. g6 Kg4 65. g7 Kf5
66. g8=Q Ke5 67. Qg6 Kd5 68. Qf6 Ke4 69. Qe6+ Kd4 70. Kg6 Kc5 71. Kf5 Kd4 72.
Qe5+ Kc4 73. Ke6 Kd3 74. Kd6 Kc4 75. Qd5+ Kc3 76. Kc6 Kb4 77. Qc5+ Kb3 78. Kb6
Kb2 79. Qc4 Ka3 80. Qb5 Ka2 81. Kc5 Ka1 82. Kc4 Ka2 83. Kc3 Ka1 1-0

[Event "ICC tourney 1897 (3 2)"]
[Site "Internet Chess Club"]
[Date "2020.07.03"]
[Round "8"]
[White "pyaru536"]
[Black "Mookmookarmy"]
[Result "0-1"]
[WhiteElo "1263"]
[BlackElo "1724"]
[PlyCount "94"]
[EventDate "2020.??.??"]

1. d4 Nf6 2. c4 g6 3. g3 Bg7 4. Bg2 O-O 5. Nc3 d6 6. Nf3 Nbd7 7. O-O e5 8. e4
exd4 9. Nxd4 Re8 10. h3 a6 11. Re1 Rb8 12. Be3 Ne5 13. b3 c5 14. Nde2 b5 15.
cxb5 axb5 16. Rc1 b4 17. Nd5 Nxd5 18. exd5 Ba6 19. Rc2 Qe7 20. Nc1 Ra8 21. Bf1
Bxf1 22. Rxf1 Qd7 23. Kg2 Qf5 24. Re1 Qe4+ 25. f3 Nxf3 26. Qxf3 Qxc2+ 27. Re2
Qd1 28. h4 h5 29. Kh2 Re5 30. Bf4 Rxe2+ 31. Qxe2 Qxe2+ 32. Nxe2 Rxa2 33. Bxd6
Rxe2+ 34. Kh3 Bd4 35. g4 Re3+ 36. Kg2 hxg4 37. Bf4 Rxb3 38. d6 Bf6 39. d7 Rd3
40. Bg5 Bxg5 41. hxg5 Rxd7 42. Kg3 b3 43. Kh4 b2 44. Kg3 b1=Q 45. Kh4 Qh1+ 46.
Kg3 Rd3+ 47. Kxg4 Qe4# 0-1

[Event "ICC tourney 1897 (3 2)"]
[Site "Internet Chess Club"]
[Date "2020.07.03"]
[Round "6"]
[White "pyaru536"]
[Black "justinchess"]
[Result "1-0"]
[WhiteElo "1264"]
[BlackElo "2114"]
[PlyCount "87"]
[EventDate "2020.??.??"]

1. d4 Nf6 2. c4 b6 3. f3 Nc6 4. e4 e5 5. d5 Ne7 6. Nc3 Ng6 7. Be3 Bc5 8. Bxc5
bxc5 9. Qd2 d6 10. g3 Rb8 11. Bh3 Bxh3 12. Nxh3 Qd7 13. Nf2 O-O 14. O-O Rb4 15.
b3 Rfb8 16. Nd3 R4b7 17. f4 exf4 18. gxf4 Qh3 19. Rae1 Ng4 20. Re2 Nh4 21. Ne1
Ng6 22. Qd3 Qh5 23. Qg3 Re8 24. Rg2 Nf6 25. f5 Nxe4 26. Nxe4 Rxe4 27. fxg6 hxg6
28. Qf3 Qxf3 29. Nxf3 a5 30. Ng5 Re7 31. Rgf2 f6 32. Ne6 Rb4 33. Nd8 Re5 34.
Nc6 Rg5+ 35. Kh1 Rb6 36. Nxa5 Ra6 37. Nc6 Kf7 38. Nd8+ Kg8 39. Ne6 Re5 40. Nxc7
Ra7 41. Ne6 g5 42. Kg1 Kf7 43. Nd8+ Kg6 44. Nc6 1-0

[Event "ICC tourney 1897 (3 2)"]
[Site "Internet Chess Club"]
[Date "2020.07.03"]
[Round "15"]
[White "fastnfurious"]
[Black "Kokoro"]
[Result "0-1"]
[WhiteElo "1834"]
[BlackElo "1788"]
[PlyCount "54"]
[EventDate "2020.??.??"]

1. d4 Nf6 2. Nf3 e6 3. Bg5 c5 4. Bxf6 Qxf6 5. e3 d5 6. c4 dxc4 7. Bxc4 cxd4 8.
exd4 Bb4+ 9. Nc3 O-O 10. O-O Nc6 11. d5 Rd8 12. Qc2 Bxc3 13. dxc6 Ba5 14. cxb7
Bxb7 15. Be2 Rac8 16. Qa4 Bb6 17. Qb3 Bd5 18. Qa3 Rc2 19. Rfe1 Rxb2 20. Rab1
Rxa2 21. Qb4 h6 22. Rbd1 Ba5 23. Qg4 Bxe1 24. Rxe1 Rc8 25. h4 Rcc2 26. Nd4 Rd2
27. Nb5 Qe5 0-1

[Event "ICC tourney 1897 (3 2)"]
[Site "Internet Chess Club"]
[Date "2020.07.03"]
[Round "11"]
[White "Pschaak"]
[Black "fastnfurious"]
[Result "1-0"]
[WhiteElo "2034"]
[BlackElo "1855"]
[PlyCount "147"]
[EventDate "2020.??.??"]

1. d4 d5 2. Bf4 c6 3. e3 Bf5 4. Nf3 e6 5. Nbd2 Bd6 6. Bg3 h5 7. c4 h4 8. Bxh4
Rxh4 9. Nxh4 Qxh4 10. Qb3 b6 11. Bd3 Bxd3 12. Qxd3 Nd7 13. g3 Qh5 14. Qe2 Qg6
15. Rc1 Ne7 16. cxd5 exd5 17. Qa6 Qe6 18. Qb7 Rb8 19. Qxa7 f5 20. O-O Kf7 21.
Nf3 Ke8 22. Qa4 b5 23. Qc2 Rc8 24. Kg2 Nf6 25. Qd3 Ne4 26. Nd2 Kd7 27. a4 bxa4
28. Ra1 Ra8 29. Nf3 g5 30. Qc2 g4 31. Ng1 Ng5 32. Rxa4 Rxa4 33. Qxa4 Qe4+ 34.
f3 gxf3+ 35. Nxf3 Qxe3 36. Qa7+ Ke8 37. Nxg5 Qxg5 38. Qa5 Qg4 39. Qc3 Qe4+ 40.
Kf2 f4 41. Re1 fxg3+ 42. hxg3 Qf5+ 43. Kg2 Kd7 44. Qb3 Qg5 45. Qe3 Qxe3 46.
Rxe3 Nf5 47. Rd3 Ke6 48. g4 Ne7 49. Kf3 Kf6 50. Rb3 Ke6 51. Rb7 c5 52. dxc5
Bxc5 53. b4 Bd6 54. b5 d4 55. Ra7 Nd5 56. g5 d3 57. g6 Bc5 58. g7 Nf6 59. Ra6+
Kf7 60. Rxf6+ Kxg7 61. Rc6 Bb4 62. b6 d2 63. Ke2 Kf7 64. b7 Ke7 65. b8=Q Kd7
66. Qc7+ Ke8 67. Ra6 Be7 68. Ra8+ Kf7 69. Ra7 d1=Q+ 70. Kxd1 Kg6 71. Qxe7 Kh5
72. Qg7 Kh4 73. Ra8 Kh5 74. Rh8# 1-0

[Event "ICC tourney 1897 (3 2)"]
[Site "Internet Chess Club"]
[Date "2020.07.03"]
[Round "10"]
[White "fastnfurious"]
[Black "searchforbobby1"]
[Result "0-1"]
[WhiteElo "1873"]
[BlackElo "2002"]
[PlyCount "42"]
[EventDate "2020.??.??"]

1. d4 e6 2. Nf3 f5 3. Bg5 Nf6 4. e3 d5 5. c4 c6 6. Nc3 Bd6 7. h4 O-O 8. h5 h6
9. Bh4 Nbd7 10. Qb3 Qa5 11. Bxf6 Nxf6 12. Bd3 Ne4 13. Nd2 Rb8 14. g3 Bd7 15.
Nf3 Kh7 16. Ne5 Bxe5 17. dxe5 b5 18. cxd5 cxd5 19. Bxe4 fxe4 20. Kf1 b4 21. Ne2
Ba4 0-1

[Event "ICC tourney 1897 (3 2)"]
[Site "Internet Chess Club"]
[Date "2020.07.03"]
[Round "8"]
[White "dopolian"]
[Black "fastnfurious"]
[Result "1-0"]
[WhiteElo "1928"]
[BlackElo "1885"]
[PlyCount "113"]
[EventDate "2020.??.??"]

1. e4 c6 2. Nc3 d5 3. Nf3 Bg4 4. h3 Bxf3 5. Qxf3 e6 6. d4 dxe4 7. Nxe4 Nf6 8.
Bd3 Nbd7 9. Be3 Nxe4 10. Bxe4 Nf6 11. Bd3 Bd6 12. O-O Qc7 13. c4 h6 14. Rac1
Be7 15. d5 exd5 16. cxd5 O-O 17. dxc6 bxc6 18. Rxc6 Qe5 19. Rc2 Rad8 20. Qf5
Bd6 21. Qxe5 Bxe5 22. Bc4 Bd4 23. Bxd4 Rxd4 24. b3 Rfd8 25. Re1 Kf8 26. Rce2
R8d7 27. a4 g5 28. Re5 Kg7 29. Re7 Rd1 30. Rxd1 Rxe7 31. f3 Nd7 32. Kf2 Nb6 33.
Be2 Rc7 34. a5 Nd7 35. b4 Ne5 36. Rd5 Nd7 37. b5 Nf6 38. Rd6 Ne8 39. Ra6 Nf6
40. Rd6 Ne8 41. Rd8 Nf6 42. Rd4 Rc2 43. Rc4 Rb2 44. Rc7 Nd5 45. Rxa7 Nc3 46.
Re7 Nxb5 47. Rb7 Ra2 48. Rxb5 f6 49. Rb7+ Kg6 50. a6 h5 51. a7 g4 52. hxg4 hxg4
53. fxg4 Kg5 54. Kg3 Ra3+ 55. Bf3 Kg6 56. Re7 Kh6 57. a8=Q 1-0

[Event "ICC tourney 1897 (3 2)"]
[Site "Internet Chess Club"]
[Date "2020.07.03"]
[Round "7"]
[White "fastnfurious"]
[Black "pyaru536"]
[Result "1-0"]
[WhiteElo "1910"]
[BlackElo "1264"]
[PlyCount "87"]
[EventDate "2020.??.??"]

1. d4 d5 2. Nf3 Nf6 3. Bg5 Ne4 4. h4 c5 5. c3 Nc6 6. e3 h6 7. Bf4 Bf5 8. Nbd2
e6 9. Nxe4 Bxe4 10. Nd2 Bh7 11. Qb3 Qb6 12. Bb5 c4 13. Bxc6+ Qxc6 14. Qd1 b5
15. a3 a5 16. O-O Be7 17. h5 O-O 18. Qg4 Kh8 19. f3 b4 20. e4 bxc3 21. bxc3 f5
22. exf5 Bxf5 23. Qg3 Bd3 24. Rfe1 Bf5 25. Be5 Bf6 26. Nf1 Qe8 27. Qh2 Ra7 28.
Ne3 Bxe5 29. Qxe5 Qf7 30. Nxf5 Qxf5 31. Qxe6 Qxh5 32. Re5 Qh4 33. Qxd5 Qg3 34.
Rae1 Raf7 35. Re8 Kh7 36. Qe4+ Kh8 37. Rxf8+ Rxf8 38. Qe5 Qg6 39. d5 Qd3 40.
Re3 Qb1+ 41. Kh2 Qa1 42. Qe7 Rg8 43. d6 Qxa3 44. d7 1-0

[Event "ICC tourney 1897 (3 2)"]
[Site "Internet Chess Club"]
[Date "2020.07.03"]
[Round "6"]
[White "fishmaster"]
[Black "fastnfurious"]
[Result "1/2-1/2"]
[WhiteElo "2075"]
[BlackElo "1938"]
[PlyCount "157"]
[EventDate "2020.??.??"]

1. Nf3 d5 2. c4 c6 3. d4 Nf6 4. Qc2 Bg4 5. Ne5 Bh5 6. e3 e6 7. Nc3 Bg6 8. Nxg6
hxg6 9. cxd5 exd5 10. Bd3 Bd6 11. h3 Nbd7 12. a3 Qe7 13. O-O g5 14. e4 dxe4 15.
Nxe4 Nxe4 16. Bxe4 O-O 17. Re1 Qf6 18. Be3 Rfe8 19. Bd3 Bf4 20. Qd2 Nb6 21.
Bxf4 gxf4 22. Rxe8+ Rxe8 23. Re1 Rd8 24. Bc2 g6 25. Re4 f3 26. g3 c5 27. Qh6
Qg7 28. Qxg7+ Kxg7 29. dxc5 Nc8 30. g4 Rd2 31. Rc4 Ne7 32. Kh2 Nc6 33. Kg3 a5
34. Rc3 Nd4 35. Bd3 Rxb2 36. Rc4 Ne6 37. Kxf3 Rb3 38. Ke3 Rxa3 39. c6 bxc6 40.
Rxc6 Nd8 41. Ra6 Ne6 42. Rc6 a4 43. f4 Nxf4 44. Kxf4 Rxd3 45. h4 a3 46. Ra6 Rb3
47. g5 Rb4+ 48. Kg3 Rb3+ 49. Kg4 Kf8 50. Ra8+ Ke7 51. Ra7+ Kf8 52. Ra8+ Kg7 53.
Ra7 Rc3 54. Ra6 Rc4+ 55. Kg3 Rc3+ 56. Kg4 Rb3 57. Ra7 Kf8 58. Ra8+ Ke7 59. Ra7+
Ke6 60. Ra6+ Ke5 61. Ra7 Rb4+ 62. Kg3 Kd4 63. Rxf7 Rb3+ 64. Kg4 a2 65. Ra7 Rb2
66. h5 gxh5+ 67. Kxh5 Rh2+ 68. Kg6 Kc3 69. Kf6 Kb2 70. Rxa2+ Kxa2 71. g6 Rg2
72. g7 Kb3 73. Kf7 Rf2+ 74. Ke7 Rg2 75. Kf7 Rf2+ 76. Ke7 Rg2 77. Kf7 Kc3 78.
g8=Q Rxg8 79. Kxg8 1/2-1/2

[Event "ICC tourney 1897 (3 2)"]
[Site "Internet Chess Club"]
[Date "2020.07.03"]
[Round "3"]
[White "MrNormalName"]
[Black "fastnfurious"]
[Result "0-1"]
[WhiteElo "1754"]
[BlackElo "1900"]
[PlyCount "166"]
[EventDate "2020.??.??"]

1. d4 d5 2. c4 c6 3. Nc3 Nf6 4. e3 Bf5 5. cxd5 cxd5 6. Qb3 Bc8 7. Nf3 e6 8. Bd3
Nc6 9. O-O Be7 10. Bd2 O-O 11. Rac1 a6 12. Na4 Bd7 13. Nc5 b5 14. Rc2 Rc8 15.
Nxa6 Na5 16. Bxa5 Qxa5 17. Nc5 Bxc5 18. dxc5 b4 19. Rfc1 Ba4 20. Bxh7+ Nxh7 21.
Qd3 Bxc2 22. Qxc2 Qxa2 23. c6 Rc7 24. Nd4 Rfc8 25. h3 Qa6 26. Qc5 e5 27. Nf5
Qa7 28. Qxd5 Re8 29. Nd6 Rf8 30. Nb5 Qb8 31. Nxc7 Qxc7 32. Qc5 Rb8 33. Rd1 Nf6
34. Qc4 Rb6 35. Rc1 g6 36. b3 Kg7 37. e4 Ne8 38. Qc5 f6 39. Qd5 Nd6 40. Rc2 Rb5
41. Qe6 Rb6 42. Qd7+ Qxd7 43. cxd7 Nf7 44. Rc7 Rd6 45. Rb7 Kf8 46. Rxb4 Rxd7
47. Rb6 Ke7 48. f3 g5 49. Kf2 Rd6 50. Rb7+ Rd7 51. Rb6 Nd6 52. Ke3 Rc7 53. Kd3
Rc1 54. Ra6 Rg1 55. Ra2 Rd1+ 56. Kc2 Rg1 57. Kc3 Rc1+ 58. Kd2 Rb1 59. Kc3 Kd7
60. b4 Nb5+ 61. Kc4 Nd6+ 62. Kc5 Rc1+ 63. Kb6 Rc6+ 64. Ka5 Rc8 65. Kb6 Rb8+ 66.
Ka5 Ra8+ 67. Kb6 Rxa2 68. Kc5 Rxg2 69. b5 Rg3 70. b6 Rxf3 71. Kd5 Rd3+ 72. Kc5
Rd4 73. h4 gxh4 74. b7 Nxb7+ 75. Kb6 Ke6 76. Kc6 h3 77. Kb5 h2 78. Kc6 h1=Q 79.
Kb5 Nd8 80. Kb6 Qc1 81. Kb5 Rd2 82. Kb4 Rb2+ 83. Ka3 Qa1# 0-1

[Event "ICC tourney 1897 (3 2)"]
[Site "Internet Chess Club"]
[Date "2020.07.03"]
[Round "15"]
[White "cloak1"]
[Black "Pschaak"]
[Result "0-1"]
[WhiteElo "1873"]
[BlackElo "2028"]
[PlyCount "46"]
[EventDate "2020.??.??"]

1. e4 c6 2. d4 d5 3. e5 Bf5 4. g4 Bg6 5. h4 h5 6. e6 hxg4 7. Bd3 Bxd3 8. exf7+
Kxf7 9. Qxd3 Nf6 10. Bg5 Nbd7 11. Nd2 e5 12. dxe5 Nxe5 13. Qf5 Qd7 14. Qf4 Bd6
15. Kf1 Nf3 16. Qe3 Rae8 17. Qd3 Nxg5 18. hxg5 Rxh1 19. gxf6 g3 20. Qf3 Qh3+
21. Qg2 Qxg2+ 22. Kxg2 Rh2+ 23. Kf1 Rxf2# 0-1

[Event "ICC tourney 1897 (3 2)"]
[Site "Internet Chess Club"]
[Date "2020.07.03"]
[Round "11"]
[White "destroyingeagle"]
[Black "cloak1"]
[Result "0-1"]
[WhiteElo "1392"]
[BlackElo "1890"]
[PlyCount "152"]
[EventDate "2020.??.??"]

1. Nf3 c5 2. g3 d5 3. Bg2 Nc6 4. O-O e5 5. d3 Nf6 6. Nbd2 Be7 7. e4 O-O 8. c3
Be6 9. Qe2 d4 10. c4 Qd7 11. Nh4 Rfe8 12. a3 a6 13. b3 b5 14. Rb1 Rab8 15. Bb2
Rb6 16. Ba1 g6 17. f4 exf4 18. gxf4 Ng4 19. Nhf3 Ne3 20. Rfc1 Bg4 21. Nf1 Nxg2
22. Kxg2 Reb8 23. N1d2 b4 24. a4 a5 25. Rg1 Kh8 26. e5 Qf5 27. Qe4 Nd8 28. Qxf5
Bxf5 29. Ne1 Ne6 30. Kf3 Rf8 31. Ne4 f6 32. exf6 Bxf6 33. Bb2 Bh4 34. Bc1 Rb7
35. Ng3 Rbf7 36. Ng2 Bxg3 37. hxg3 Bxd3 38. Rb2 Ng5+ 39. Kg4 Ne4 40. Rh1 Nf6+
41. Kf3 Be4+ 42. Kf2 Ng4+ 43. Kg1 Re7 44. Re2 Rfe8 45. Rh4 Bxg2 46. Rxe7 Rxe7
47. Kxg2 Ne3+ 48. Kf2 Nd1+ 49. Kf1 Nc3 50. Bd2 d3 51. Rh2 Ne4 52. Rg2 Kg7 53.
g4 Kf7 54. f5 Rd7 55. fxg6+ Kxg6 56. Kg1 Rf7 57. Kh1 Rf2 58. Rxf2 Nxf2+ 59. Kg2
Ne4 60. Kf3 Nxd2+ 61. Ke3 Nxb3 62. Kxd3 Kg5 63. Kc2 Nd4+ 64. Kd3 Kxg4 65. Ke4
b3 66. Kd5 b2 67. Kxc5 b1=Q 68. Kxd4 Qb4 69. Kd5 Qxa4 70. c5 Qd7+ 71. Kc4 a4
72. Kb4 Qc6 73. Ka3 Qxc5+ 74. Ka2 Qb4 75. Ka1 a3 76. Ka2 Qb2# 0-1

[Event "ICC tourney 1897 (3 2)"]
[Site "Internet Chess Club"]
[Date "2020.07.03"]
[Round "9"]
[White "Visam"]
[Black "cloak1"]
[Result "1-0"]
[WhiteElo "2641"]
[BlackElo "1900"]
[PlyCount "59"]
[EventDate "2020.??.??"]

1. Nf3 d5 2. g3 c5 3. Bg2 Nc6 4. d4 cxd4 5. Nxd4 e5 6. Nxc6 bxc6 7. c4 Nf6 8.
Nc3 d4 9. Ne4 Bb4+ 10. Bd2 Bxd2+ 11. Qxd2 O-O 12. O-O Nxe4 13. Bxe4 Rb8 14.
Bxc6 Qb6 15. Bd5 Be6 16. Bxe6 Qxe6 17. b3 Rfd8 18. Rac1 e4 19. c5 Rbc8 20. Rc4
d3 21. Qe3 d2 22. Rd1 f5 23. Rxd2 Qe5 24. c6 h6 25. Rxd8+ Rxd8 26. c7 Rc8 27.
Qxa7 f4 28. Qd4 Qxd4 29. Rxd4 fxg3 30. Rd8+ 1-0

[Event "ICC tourney 1897 (3 2)"]
[Site "Internet Chess Club"]
[Date "2020.07.03"]
[Round "8"]
[White "cloak1"]
[Black "fishmaster"]
[Result "0-1"]
[WhiteElo "1900"]
[BlackElo "2086"]
[PlyCount "98"]
[EventDate "2020.??.??"]

1. d4 Nf6 2. c4 e6 3. Nf3 Bb4+ 4. Bd2 Qe7 5. g3 Nc6 6. Bg2 Bxd2+ 7. Qxd2 Ne4 8.
Qc1 Qb4+ 9. Nc3 Nxc3 10. Qxc3 Qxc3+ 11. bxc3 O-O 12. c5 d6 13. cxd6 cxd6 14.
Rb1 Rb8 15. Nd2 Bd7 16. Nc4 d5 17. Nd2 b6 18. O-O Rfc8 19. Rfc1 Na5 20. e4 dxe4
21. Bxe4 Bc6 22. Bd3 b5 23. Nb3 Nxb3 24. axb3 Kf8 25. Ra1 Rc7 26. Ra5 Bd5 27.
Rxb5 Rxb5 28. Bxb5 Bxb3 29. c4 a5 30. Rc3 a4 31. c5 Ke7 32. Bc4 Bxc4 33. Rxc4
Ra7 34. Rc2 Kd7 35. Kf1 Kc6 36. Ke2 a3 37. Ra2 Kb5 38. Kd3 Kb4 39. f4 Kb3 40.
Ra1 a2 41. g4 Kb2 42. Rg1 a1=Q 43. Rxa1 Rxa1 44. Kc4 Rc1+ 45. Kb5 Kc3 46. d5
exd5 47. c6 Kd4 48. Kb6 Ke4 49. c7 Kxf4 0-1

[Event "ICC tourney 1897 (3 2)"]
[Site "Internet Chess Club"]
[Date "2020.07.03"]
[Round "7"]
[White "Sina101"]
[Black "cloak1"]
[Result "0-1"]
[WhiteElo "1362"]
[BlackElo "1909"]
[PlyCount "168"]
[EventDate "2020.??.??"]

1. d4 Nf6 2. c4 e6 3. Nc3 d5 4. cxd5 exd5 5. Bg5 c6 6. e3 Bd6 7. Bd3 O-O 8. Qc2
h6 9. Bh4 a5 10. Nge2 Na6 11. a3 Nc7 12. h3 Ne6 13. O-O Ng5 14. f4 Ne6 15. Rad1
Be7 16. Kh1 Bd7 17. Ng1 Nh5 18. Bxe7 Ng3+ 19. Kh2 Nxf1+ 20. Rxf1 Qxe7 21. Nf3
Nc7 22. Ne5 Be8 23. Rf3 f6 24. Bh7+ Kh8 25. Ng6+ Bxg6 26. Bxg6 Nb5 27. Na4 Nd6
28. Nc5 b6 29. Nd3 Rac8 30. Nf2 c5 31. Qd2 Ne4 32. Bxe4 dxe4 33. Rg3 cxd4 34.
Qxd4 f5 35. Rg6 Rf6 36. Rg3 Rd8 37. Qc4 Qe6 38. Qc7 Rd7 39. Qc8+ Kh7 40. Qa8
Rg6 41. Nh1 Rd2 42. Rxg6 Qxg6 43. Ng3 Rxb2 44. h4 Qg4 45. Qd8 b5 46. h5 b4 47.
axb4 a4 48. b5 a3 49. b6 a2 50. b7 a1=Q 51. b8=Q Rxb8 52. Qxb8 Qf6 53. Nf1
Qfh4+ 54. Kg1 Qhxh5 55. Qd6 Qhg6 56. Qd2 h5 57. Qf2 h4 58. Kh1 h3 59. g3 Qf3+
60. Qxf3 exf3 61. Kh2 Qg4 62. e4 fxe4 63. Ne3 Qc8 64. g4 Qc3 65. Nf5 f2 66. Ng3
Qxg3+ 67. Kxg3 f1=Q 68. Kh4 Qg2 69. f5 h2 70. Kg5 h1=Q 71. f6 gxf6+ 72. Kf5
Qf3+ 73. Ke6 Qxg4+ 74. Ke7 Qg5 75. Kf8 Qg7+ 76. Ke8 e3 77. Kd8 e2 78. Kc8 e1=Q
79. Kb8 f5 80. Kc8 f4 81. Kb8 f3 82. Kc8 f2 83. Kb8 f1=Q 84. Kc8 Qff8# 0-1

[Event "ICC tourney 1897 (3 2)"]
[Site "Internet Chess Club"]
[Date "2020.07.03"]
[Round "5"]
[White "MasterZachary"]
[Black "cloak1"]
[Result "1-0"]
[WhiteElo "2275"]
[BlackElo "1904"]
[PlyCount "47"]
[EventDate "2020.??.??"]

1. e4 Nf6 2. e5 Nd5 3. d4 d6 4. Nf3 dxe5 5. Nxe5 c6 6. Bc4 g6 7. O-O Bg7 8. Re1
O-O 9. c3 Nd7 10. Nf3 N7f6 11. Bg5 Bg4 12. Nbd2 a5 13. a4 h6 14. Bh4 g5 15. Bg3
Nh5 16. Qc2 Nxg3 17. hxg3 e6 18. Ne5 Bf5 19. Bd3 Bxd3 20. Qxd3 Rb8 21. Ne4 Bxe5
22. dxe5 Qc7 23. c4 Nb4 24. Nf6+ 1-0

[Event "ICC tourney 1897 (3 2)"]
[Site "Internet Chess Club"]
[Date "2020.07.03"]
[Round "4"]
[White "tsohal"]
[Black "cloak1"]
[Result "0-1"]
[WhiteElo "1735"]
[BlackElo "1907"]
[PlyCount "116"]
[EventDate "2020.??.??"]

1. d4 d5 2. c4 c6 3. cxd5 cxd5 4. Bf4 Nc6 5. e3 Nf6 6. Nc3 Bf5 7. Qb3 Qd7 8.
Nf3 a6 9. Ne5 Nxe5 10. Bxe5 e6 11. Na4 Qc6 12. Be2 Bc2 13. Rc1 Bxb3 14. Rxc6
Bxa4 15. Rc1 Bc6 16. f3 Kd7 17. Bg3 Bd6 18. Bf2 Rac8 19. Bd1 Bb5 20. Rxc8 Rxc8
21. a3 Rc1 22. Kd2 Ra1 23. Re1 Bc6 24. h4 e5 25. g4 exd4 26. g5 Ne8 27. f4 f5
28. exd4 Bxf4+ 29. Kc3 Nd6 30. Kb3 Rc1 31. h5 Ne4 32. Bh4 Bb5 33. Be2 Bxe2 34.
Rxe2 Bxg5 35. Be1 b5 36. a4 Rc4 37. axb5 axb5 38. Bb4 Rxd4 39. Bf8 Be7 40. Bxg7
f4 41. Bxd4 f3 42. Re1 Bh4 43. Rh1 f2 44. Kc2 Bg5 45. Rf1 Bh4 46. Kd3 Ke6 47.
Ra1 Kf5 48. Ke2 Kg4 49. Ra7 h6 50. Rf7 Kxh5 51. Rf5+ Kg4 52. Rxd5 Bg3 53. Rd8
h5 54. Rg8+ Kh3 55. Re8 Kg2 56. Rf8 h4 57. Be3 h3 58. Rg8 f1=Q# 0-1